007770000a22001450004500090001400000245011400014650002700128650002800155041001300183100003000196942001300226773015300239999001700392952022200409 aARb0216910aInternational co-operation and exchange of information related to environmental applications of biotechnology14aBiotecnología99282514aRiesgo ambiental9133320 aInglés1 aTzotzos, George T.995662 cARTICULO1 tTransboundary Movement of Living Modified Organisms Resulting from Modern Biotechnology: issues and Opportunities for Policy Makers31185q1-3d1996 c11242d11242 001040718HEMEROTECAaBogotabBogotad2015-02-27eAcademia Colombiana de Ciencias Exactas, Físicas y NaturaleshFuera de circulaciónl0oAR 02169p012552r2015-03-25 00:00:00t1w2015-03-25xDonaciónyARTICULO